| 000 | 00920nam a22002297a 4500 | ||
|---|---|---|---|
| 003 | 0 | ||
| 005 | 20250927095258.0 | ||
| 008 | 250924b xxu||||| |||| 00| 0 eng d | ||
| 020 | _a978-1-368-10219-3 | ||
| 050 |
_aPZ 7.1 _b.R482 2023 |
||
| 100 |
_aRiordan, Rick, _eauthor. |
||
| 245 |
_aPercy Jackson and the Olympians : _bthe chalice of the gods / _cRick Riordan. |
||
| 250 | _aFirst edition. | ||
| 260 |
_aNew York : _bDisney–Hyperion, _c2023. |
||
| 300 |
_a268 pages : _c21 cm. |
||
| 520 | _aPercy Jackson must undertake three new quests to win recommendation letters from the gods so he can attend New Rome University; when the cup-bearer Ganymede’s chalice goes missing, Percy, Annabeth, and Grover set off on a dangerous hunt. | ||
| 650 |
_aDemigods _vFiction. |
||
| 650 |
_aMythology _vFiction. |
||
| 650 |
_aFriendship _vFiction. |
||
| 650 |
_aQuests (Expeditions) _vFiction. |
||
| 942 |
_2lcc _cBK |
||
| 999 |
_c368085 _d368085 |
||